| 000 | 00544nam a2200181 a 4500 | ||
|---|---|---|---|
| 001 | 000033219 | ||
| 005 | 20200930070114.0 | ||
| 008 | 110823s1920 dr r 000 0 spa d | ||
| 040 |
_aDO-SdBNP _bspa _cBNPHU |
||
| 082 |
_axxxx _bR426c |
||
| 110 | 1 |
_aRepública Dominicana _9447 |
|
| 240 | 1 | 0 | _a[Leyes, etc.] |
| 245 | 1 | 0 | _aCompilación de leyes sobre el derecho de propiedad inmueble. |
| 250 | _aEdición oficial | ||
| 260 |
_aSanto Domingo : _bImp. J. R. vda. García, _c1920. |
||
| 300 |
_a77 p. ; _c30 cm. |
||
| 590 | _aInventariado, 2018/ YL | ||
| 999 |
_c32710 _d32710 |
||